| 000 | 01301 a2200361 4500 | ||
|---|---|---|---|
| 001 | 24294 | ||
| 999 |
_c24294 _d4128 |
||
| 003 | TR-AnTOB | ||
| 005 | 20241121112633.0 | ||
| 008 | 050817s2004 tu 00000 tur | ||
| 020 | _a9759875705 | ||
| 035 | _a24294 | ||
| 040 | _aETU | ||
| 041 | _atur | ||
| 050 |
_aHD6796.7 _bH59 2004 |
||
| 090 | _aHD6796.7 H59 2004 | ||
| 245 | 0 | _a[Hizmet-İş Sendikası Şube Başkanları Eğitim Semineri, 27 - 30 Mayıs 2004, tebliğler]. | |
| 245 | 0 |
_aBüyük Ortadoğu Projesi, Avrupa Birliği, Kıbrıs / _cMuhittin Ataman. |
|
| 245 | 0 |
_aTemel ekonomik göstergeler nasıl yorumlanmalı? / _cAhmet Atılgan. |
|
| 245 | 0 |
_aYönetici ve yönetici davranışları / _cAhmet Diken. |
|
| 264 | 1 |
_aAnkara : _bHizmet-İş Sendikası, _c2004. |
|
| 300 | _a188 s. ; res. ; 21 cm. | ||
| 410 | 2 |
_aHizmet-İş Sendikası Eğitim Yayınları _vYayın No:34 |
|
| 650 | 7 |
_aİşçi sendikaları _zTürkiye _2etuturkob _9103647 |
|
| 650 | 0 |
_aLabor unions _zTurkey _918564 |
|
| 700 | 1 |
_aAtaman, Muhittin _918560 |
|
| 700 | 1 |
_aAtılgan, Ahmet _911052 |
|
| 700 | 1 |
_aDiken, Ahmet _918562 |
|
| 740 | _aBüyük Ortadoğu Projesi, Avrupa Birliği, Kıbrıs. | ||
| 740 | _aTemel ekonomik göstergeler nasıl yorumlanmalı? | ||
| 740 | _aYönetici ve yönetici davranışları | ||
| 902 | _a0011442 | ||
| 942 | _cBK | ||